| Поле | Название | Значение |
| |
Тип записи |
a |
| |
Библиографический уровень |
m |
| 001 |
Контрольный номер |
b05f36d58c114fd28758c9d19ea354fa |
| 005 |
Дата корректировки |
20140604114439.8 |
| 101 |
Язык документа |
0_ |
| a |
Язык текста |
rus |
| 102 |
Страна публикации |
__ |
| a |
Страна публикации |
RU |
| 200 |
Заглавие и сведения об ответственности |
1_ |
| a |
Заглавие |
Бухгалтерский учет |
| e |
Сведения, относящиеся к заглавию |
практикум для спец. 060800 Экономика и управление на предприятии (торговля и общественное питание) |
| f |
Первые сведения об ответственности |
Н. А. Миславская, Л. Н. Юдина , Т. В. Осипова |
| g |
Последующие сведения об ответственности |
АНО ВПО Центросоюза РФ РУК |
| 210 |
Выходные данные |
1_ |
| c |
Издательство |
РУК |
| a |
Место издания |
М. |
| d |
Дата издания |
2006 |
| 215 |
Физическое описание |
__ |
| a |
Объем |
101 с. |
| 610 |
Ключевые слова |
0_ |
| a |
Ключевые слова |
бухгалтерский учет |
| 610 |
Ключевые слова |
0_ |
| a |
Ключевые слова |
каф. бухгалтерского учета |
| 610 |
Ключевые слова |
0_ |
| a |
Ключевые слова |
<060800> |
| 610 |
Ключевые слова |
0_ |
| a |
Ключевые слова |
торговля |
| 610 |
Ключевые слова |
0_ |
| a |
Ключевые слова |
общественное питание |
| 686 |
Индексы других классификаций |
__ |
| a |
Классификационный индекс |
65.052.9(2)242я73 |
| 2 |
Код системы |
rubbk |
| 700 |
Автор |
_1 |
| a |
Фамилия |
Миславская |
| b |
Имя |
Н. А. |
| g |
Полное личное имя |
Наталья Анатольевна |
| y |
|
ДА |
| 701 |
Альтернативная интеллектуальная ответственность |
_1 |
| a |
Фамилия |
Юдина |
| b |
Имя |
Л. Н. |
| g |
Полное личное имя |
Любовь Николаевна |
| u |
|
2 |
| y |
|
ДА |
| 701 |
Альтернативная интеллектуальная ответственность |
_1 |
| a |
Фамилия |
Осипова |
| b |
Имя |
Т. В. |
| g |
Полное личное имя |
Татьяна Викторовна |
| u |
|
2 |
| y |
|
ДА |
| 711 |
Наименование организации. (Альтернативная ответственность) |
02 |
| a |
Организация/ юрисдикция |
АНО ВПО ЦС РФ РУК |
| 801 |
Источник записи |
_0 |
| a |
Страна |
RU |
| b |
Организация |
РУК |
| c |
Дата составления |
20060823 |
| g |
Правила каталогизации |
PSBO |
| 801 |
Источник записи |
_1 |
| a |
Страна |
RU |
| b |
Организация |
РУК |
| c |
Дата составления |
20060823 |
| g |
Правила каталогизации |
PSBO |
| 852 |
Данные о местонахождении |
__ |
| j |
Шифр хранения |
ББК 65.052 |
| i |
Авторский знак |
М 65 |
| 901 |
Тип документа |
__ |
| t |
Тип документа |
m |
| 912 |
Принадлежность преподавателя к РУК |
__ |
| a |
Принадлежность преподавателя к РУК |
Преподаватель Головного вуза |
| 938 |
Служебная информация |
__ |
| a |
Название организации |
Головной вуз |
| b |
Имя БД |
BOOK |
| c |
Название АИБС |
АИБС ИРБИС |